| 000 | 00347nam a2200133Ia 4500 | ||
|---|---|---|---|
| 008 | 230917s9999||||xx |||||||||||||| ||und|| | ||
| 040 |
_e92986 _aMAIN |
||
| 041 | _aEnglish | ||
| 082 | _a617 B982T | ||
| 100 | _aButtar, Sartaj Singh | ||
| 245 | 0 | _aTympanometry in cleft palate children pre and post palatal closure | |
| 300 | _a72 p. | ||
| 942 | _cTH | ||
| 999 |
_c88790 _d88790 |
||